Catálogo
 En Linea

Homenaje que las Fuerzas Armadas de la nación rinden a su comandante en jefe su excelencia el generalísimo Rafael Trujillo Molina, benefactor de la patria y padre de la patria nueva, en ocasión de la juramentación del excelentísimo señor presidente de la república , general Héctor Bienvenido Trujillo Molina y del honorable señor vice-presidente Joaquín Balaguer para el período presidencial 1957-1962. (Registro nro. 29511)

Detalles MARC
000 -CABECERA
campo de control de longitud fija 00839nam a2200169 a 4500
001 - NÚMERO DE CONTROL
campo de control 000030019
003 - IDENTIFICADOR DEL NÚMERO DE CONTROL
campo de control DO-SdBNP
005 - FECHA Y HORA DE LA ÚLTIMA TRANSACCIÓN
campo de control 20210630094006.0
008 - DATOS DE LONGITUD FIJA--INFORMACIÓN GENERAL
campo de control de longitud fija 110428s1957 dr c 000 0 spa d
040 ## - FUENTE DE LA CATALOGACIÓN
Centro catalogador/agencia de origen DO-SdBNP
Lengua de catalogación spa
Centro/agencia transcriptor BNPHU
049 ## - FONDOS LOCALES (OCLC)
Fondos de biblioteca BNPD
082 ## - NÚMERO DE LA CLASIFICACIÓN DECIMAL DEWEY
Número de clasificación xxxx
Número de documento/Ítem H765
245 00 - MENCIÓN DE TÍTULO
Título Homenaje que las Fuerzas Armadas de la nación rinden a su comandante en jefe su excelencia el generalísimo Rafael Trujillo Molina, benefactor de la patria y padre de la patria nueva, en ocasión de la juramentación del excelentísimo señor presidente de la república , general Héctor Bienvenido Trujillo Molina y del honorable señor vice-presidente Joaquín Balaguer para el período presidencial 1957-1962.
260 ## - PUBLICACIÓN, DISTRIBUCIÓN, ETC.
Lugar de publicación, distribución, etc. Santo Domingo :
Nombre del editor, distribuidor, etc. Secretaría de Estado de la Fuerzas Armadas,
Fecha de publicación, distribución, etc. 1957.
300 ## - DESCRIPCIÓN FÍSICA
Extensión 19 p. ;
Dimensiones 20 cm.
942 ## - ELEMENTOS DE PUNTO DE ACCESO ADICIONAL (KOHA)
Fuente del sistema de clasificación o colocación Dewey Decimal Classification
Tipo de ítem Koha Libro
Existencias
Estado de retiro Estado de pérdida No para préstamo Código de colección Localización permanente Ubicación/localización actual Ubicación en estantería Fecha de adquisición Número de inventario Total de préstamos Signatura topográfica completa Código de barras Fecha visto por última vez Precio válido a partir de Tipo de ítem Koha
    Excluido de préstamo Patrimonio Dominicano Patrimonio Dominicano Patrimonio Dominicano En catalogación 28.04.2011 LF1   xxxx H765 30019-10 25.06.2020 25.06.2020 Libro y Folleto Colección Patrimonio Dominicano

Con tecnología Koha